Los siete locos ; Los lanzallamas / (Record no. 18233)

MARC details
000 -LEADER
campo de control de longitud fija 00771nam a2200253 i 4500
001 - NÚMERO DE CONTROL
campo de control 18233
003 - IDENTIFICADOR DE NÚMERO DE CONTROL
campo de control ES-MaACL
005 - FECHA Y HORA DE LA ÚLTIMA TRANSACCIÓN
campo de control 20230906151805.0
007 - CAMPO FIJO DE DESCRIPCIÓN FÍSICA--INFORMACIÓN GENERAL
campo de control de longitud fija t|
008 - DATOS DE LONGITUD FIJA--INFORMACIÓN GENERAL
campo de control de longitud fija 011016s2000 fr ||||1| spa d
020 ## - NÚMERO INTERNACIONAL ESTÁNDAR DEL LIBRO
Número Internacional Estándar del Libro 2-914273-02-9
080 ## - NÚMERO DE LA CLASIFICACIÓN DECIMAL UNIVERSAL
Número de la Clasificación Decimal Universal 821.134.2(82)-31"19"
100 1# - ENTRADA PRINCIPAL--NOMBRE DE PERSONA
Nombre de persona Arlt, Roberto.
9 (RLIN) 22899
245 14 - MENCIÓN DEL TÍTULO
Título Los siete locos ; Los lanzallamas /
Mención de responsabilidad, etc. Roberto Arlt ; edición crítica Mario Goloboff, coordinador.
250 ## - MENCION DE EDICION
Mención de edición 1ª ed.
260 ## - PUBLICACIÓN, DISTRIBUCIÓN, ETC.
Lugar de publicación, distribución, etc. Nanterre :
Nombre del editor, distribuidor, etc. ALLCA XX,
Fecha de publicación, distribución, etc. 2000.
300 ## - DESCRIPCIÓN FÍSICA
Extensión XXXV, 873 p. :
Otras características físicas 1 retr. ;
Dimensiones 25 cm.
490 1# - MENCIÓN DE SERIE
Mención de serie Colección Archivos ;
Designación de volumen o secuencia 2
700 1# - ENTRADA AGREGADA--NOMBRE PERSONAL
Nombre de persona Goloboff, Mario.
9 (RLIN) 57713
740 4# - ENTRADA AGREGADA--TÍTULO RELACIONADO/ANALÍTICO NO CONTROLADO
Título relacionado o analítico no controlado Los lanzallamas.
830 0# - PUNTO DE ACCESO ADICIONAL DE SERIE-TÍTULO UNIFORME
Título uniforme Colección Archivos ;
Designación de volumen o secuencia 2
9 (RLIN) 178295
852 ## - LOCALIZACIÓN
Ubicación ES-MaACL
Número de control de estantería L-24948
Sublocalización o colección R.130321
Holdings
Estatus retirado Estado de pérdida Estado de daño No para préstamo Biblioteca de origen Biblioteca actual Ubicación en estantería Fecha de adquisición Fuente de adquisición Total de préstamos Signatura topográfica completa Código de barras Visto por última vez Precio de reemplazo Tipo de ítem Koha
        Biblioteca del Ateneo de Madrid Biblioteca del Ateneo de Madrid Depósito 2 17/01/2008     L-24948 1018642 23/02/2023 23/02/2023 Libro impreso